| 000 | 00518nam a2200193Ia 4500 | ||
|---|---|---|---|
| 003 | GCL | ||
| 008 | 140319s9999 xx 000 0 eng d | ||
| 040 |
_aGCL / _cGCL |
||
| 082 | 0 | 4 |
_a302.23082 _bV F |
| 100 | 1 | _aVALDIVIA, ANGHARAD N. | |
| 245 | 1 | 0 |
_aFEMINISM MULTICULTURALISM DIVERSITIES / _cVALDIVIA, ANGHARAD N. |
| 260 |
_a[S.N] : _bSAGE PUBLI CATIONS ، _c1995 |
||
| 300 | _a331 P | ||
| 650 | 0 | 4 | _aMASS MEDIA |
| 650 | 0 | 4 | _aFEMINISM |
| 650 | 0 | 4 | _aMASS MEDIA - LANGUAGE |
| 650 | 0 | 4 | _aPLURALISM |
| 942 |
_2ddc _cBK |
||
| 999 |
_c11742 _d11742 |
||